Kto je kto na Slovensku 1991?

Gespeichert in:
Bibliographische Detailangaben
Format: Buch
Sprache:Slowakisch
Veröffentlicht: Bratislava : Konzorcium Encyklopédia, 1991
Tags: Tag hinzufügen
Keine Tags, Fügen Sie das erste Tag hinzu!

MARC

LEADER 00000nam a22000003a 4500
001 stu1065
005 20150408175139.1
008 920122s1991----cs------------------slo-d
020 |a 80-85226-06-5 
040 |a STU  |b slo 
041 0 |a slo 
044 |a cs 
080 |a 03  |7 stu_us_auth*stu8317 
080 |a 92(437)"1991" 
245 |a Kto je kto na Slovensku 1991? 
260 |a Bratislava :  |b Konzorcium Encyklopédia,  |c 1991 
300 |a 236 s 
996 |b 284V028764  |c V*7021/K-1497  |l VVT  |s A  |a 24  |w stu1065_0001 
996 |b 284EK08482  |c E*75845  |l EE0101  |s P  |a 0  |w stu1065_0002